00514cam a22001692 4500001001100000005001700011008004100028020001500069040001500084245007600099250001300175260003100188300001500219650003800234650004800272710002400320000002013620151217161159.0110801s xx 000 0 eng d a9280645552 aKABUcKABU14aThe State of the world's children 2011. :bmaternal and newborn health. a1st ed. aNew York :bUNICEF,c2011. av, 138 p. 0aChildrenxStatistics.@0000167887 0aChildrenxDeveloping countries.@00001698452 aUNICEF.@0000128147